|
|
|
|
| LEADER |
00973nam a2200241 a 4500 |
| 001 |
11787829 |
| 008 |
100407s2000 flua b 001 0 eng d |
| 010 |
|
|
|a 99047682
|
| 020 |
|
|
|a 0849385938 (alk. paper)
|
| 040 |
|
|
|a DLC
|c DLC
|d DLC
|d BD-DhAAL
|
| 082 |
0 |
0 |
|a 621.39/5
|2 21
|
| 245 |
0 |
4 |
|a The VLSI handbook /
|c editor-in-chief, Wai-Kai Chen.
|
| 260 |
|
|
|a Boca Raton, Fla. :
|b CRC Press ;
|a New York :
|b IEEE Press,
|c c2000.
|
| 300 |
|
|
|a 1 v. (various pagings) :
|b ill. ;
|c 27 cm.
|
| 490 |
0 |
|
|a The Electrical engineering handbook series
|
| 504 |
|
|
|a Includes bibliographical references and index.
|
| 541 |
1 |
|
|e 00013401
|
| 650 |
|
0 |
|a Integrated circuits
|x Very large scale integration.
|
| 700 |
1 |
|
|a Chen, Wai-Kai,
|d 1936-
|
| 852 |
4 |
|
|a Ayesha Abed Library
|j General shelf
|
| 942 |
0 |
0 |
|0 1
|
| 999 |
|
|
|c 8016
|d 8016
|
| 952 |
|
|
|0 0
|1 0
|2 ddc
|4 0
|6 621_395000000000000_VLS
|7 0
|9 9081
|a BRACUL
|b BRACUL
|c GEN
|d 2010-04-08
|g 8446.00
|l 4
|m 72
|o 621.395 VLS
|p 3010013401
|r 2026-05-10
|s 2025-09-23
|t 1
|w 2010-04-08
|y BK
|